Crónica de una temporada musical en el Montevideo de 1830 /

Salvato in:
Dettagli Bibliografici
Autore principale: Ayestarán, Lauro
Natura: Sconosciuto
Lingua:Spanish
Pubblicazione: Montevideo : Ediciones CEIBO, 1943.
Soggetti:
Tags: Aggiungi Tag
Nessun Tag, puoi essere il primo ad aggiungerne!!

MARC

LEADER 000000000a22000000004500
001 009913
041 0 |a spa 
082 0 4 |a 780.989   |b A977c 
100 1 |a Ayestarán, Lauro 
245 1 0 |a Crónica de una temporada musical en el Montevideo de 1830 /   |c Lauro Ayestarán. 
260 1 |a Montevideo :   |b Ediciones CEIBO,   |c 1943. 
300 |a 108 páginas 
650 4 |a MUSICA URUGUAYA 
650 4 |a TEATRO URUGUAYO 
650 4 |a MONTEVIDEO, (URUGUAY) 
999 |c 15904  |d 15904 
942 |c BK  |h 780.989 A977c  |2 z